[Event "RUS-ch 64th"]
[Site "Moscow"]
[Date "2011.08.10"]
[Round "3"]
[White "Karjakin, Sergey"]
[Black "Kramnik, Vladimir"]
[Result "1-0"]
[WhiteElo "2788"]
[BlackElo "2781"]
[Annotator "Marin,M"]
[PlyCount "117"]
[EventDate "2011.08.08"]
[EventType "tourn"]
[EventRounds "7"]
[EventCountry "RUS"]
[EventCategory "19"]
[SourceTitle "CBM 144"]
[Source "ChessBase"]
[SourceDate "2011.09.16"]
[SourceVersion "1"]
[SourceVersionDate "2011.09.16"]
[SourceQuality "1"]

1. e4 e5 2. Nf3 Nc6 3. Bb5 Nf6 4. O-O Nxe4 5. d4 Nd6 6. Bxc6 dxc6 7. dxe5 Nf5
8. Qxd8+ Kxd8 9. Nc3 Bd7 {Kramnik popularised this plan of aiming to transfer
the king to b7 by using it against Kasparov, on the occasion of their historic
match. In the meantime, he has tried other plans, too.} 10. h3 b6 {[%cal Gd8c8,
Gc8b7]} ({Earlier this year, a game between the same players went} 10... h6 11.
b3 c5 12. Nd5 ({Karjakin also had this position with Black:} 12. Bb2 Nd4 13.
Nxd4 cxd4 14. Nd5 c5 15. f4 Bc6 16. c4 {Black is doing fine, but the next move
must have been caused by a miscalculation.} dxc3 $6 17. Bxc3 $1 {He may have
missed this! One move earlier, the d-file was obstructed and the knight could
not have stayed on d5 undefended.} Bxd5 18. Rad1 Kc7 19. Rxd5 Be7 20. Rfd1 Kc6
21. e6 $1 $16 {Shirov,A (2742)-Karjakin,S (2739)/Odessa 2010/CBM 136 Extra 
(1-0, 43)}) 12... c6 13. Nf4 g5 14. Bb2 Rg8 (14... gxf4 15. e6 Bg7 16. Bxg7
Nxg7 17. exd7 Kxd7 18. Rfe1 $44) 15. e6 Bxe6 16. Rad1+ Kc7 17. Nxe6+ fxe6 18.
g4 Bg7 19. Bxg7 Nxg7 20. Ne5 Rad8 21. Rxd8 Rxd8 22. f4 gxf4 23. Rxf4 $36 {
Karjakin,S (2776)-Kramnik,V (2785)/Monte Carlo 2011/CBM 142 (1-0, 44). Despite
his extra pawn, Black is struggling. His knight is very passive.}) 11. a4 $146
{The moves a2-a4 and ...a7-a5 are frequently played in the Berlin Variation 
(sometimes in reversed order), but in this concrete position the last move is
a novelty.} (11. b3 Kc8 12. Bb2 h5 (12... Be7 13. Rad1 a5 14. a4 h5 15. Ne4 c5
16. c4 Bc6 17. Nfg5 Kb7 $11 {Lahno,K (2518)-Bok,B (2453)/Wijk aan Zee 2011/CBM
141 (1-0, 58)}) 13. g3 Be7 14. Rad1 a5 15. a4 {Smeets,J (2662)-Carlsen,M (2814)
/Wijk aan Zee 2011/CBM 141/[Kritz] (0-1, 33)}) (11. Bf4 Kc8 12. Rad1 h6 13. Bh2
a5 14. g4 Ne7 15. Nd4 h5 16. e6 fxe6 17. Rfe1 hxg4 18. hxg4 Rh6 19. g5 Rh5 20.
Nxe6 Bxe6 21. Rxe6 Rxg5+ 22. Kf1 Rf5 23. a4 $44 {Vachier Lagrave,M (2715)
-Carlsen,M (2814)/Wijk aan Zee 2011/CBM 141 (1/2, 42)}) (11. g4 Ne7 12. Ng5 Ke8
(12... Be8 {would be similar to the main game.}) 13. Bd2 h5 (13... h6 14. Nge4
h5 {may have been better. Black wanted to attack the knight with the other
pawn, but this will leave him with weaknesses.}) 14. f3 f6 15. exf6 gxf6 16.
Nge4 Bg7 17. Rae1 Kf7 18. Ne2 Rae8 19. Nf4 $14 {Negi,P (2618)-Hammer,J (2606)/
Dubai 2011/CBM 141 Extra (1-0, 41). White has the better structure and a
perfect regroupment.}) 11... a5 12. g4 Ne7 13. Ng5 Be8 (13... Ke8 {is possible
here, too, but Kramnik sticks to his initial plan, of transferring the king to
b7.}) 14. f4 (14. e6 {does not offer anything special:} fxe6 15. Nxe6+ Kd7 16.
Nxf8+ (16. Re1 Nd5) 16... Rxf8 17. Rd1+ Kc8 18. f4 Kb7 19. Be3 c5) 14... h6 15.
Nf3 {White has an impressive pawn majority. (I remember that the first time I
came across this pawn formation, h3-g4-f4-e5 was on the occasion of the 13th
game of the Fischer-Spassky match.) During the next phase of the game, Kramnik
will constantly prevent the dangerous threat f4-f5.} g6 16. b3 (16. Ne4 {
can be answered with} c5 $1 {preventing the e8-bishop from being trapped.})
16... Kc8 17. Bb2 Bg7 18. Ne4 c5 {A familiar idea already.} 19. Ng3 {It seems
that White is ready for his attack, but the king is not entirely safe for that.
} Rg8 $1 20. Kh2 Bd7 {For the time being, f4-f5 has been stopped and Black
intends to complete his development with ...Kb7 and ...Rad8. It may seem that
the black bishop is hanging on d7, but that is not true.} 21. c4 {It is
interesting to notice that even in a slow opening like the Berlin Defence,
time is important. White is short of just one tempo to prevent Black's
regrouping.} ({In principle, he would have liked to prevent ...Kb7 with} 21.
Rad1 {, but this would have allowed} c4 $1 $132 {for instance:} 22. Ne4 (22.
Nd2 cxb3 23. cxb3 Kb7 24. Nc4 Rad8) 22... Nc6 23. Kg3 cxb3 24. cxb3 Be6) 21...
Kb7 {Taking advantage of the tempo offered on the previous move.} 22. Rad1 Rad8
{Black has little to fear now.} 23. Rd3 Bc8 $1 {Keeping the bishop, which can
be useful if Black gets to play ...h5.} (23... Bc6 $5 {would get the control
of the open file at the cost of giving up the bishop for a knight:} 24. Rfd1
Rxd3 25. Rxd3 Bxf3 26. Rxf3 Rd8 27. Bc3 Nc6 28. Kg2 Rd1 $132 {The intended
f4-f5 is not possible yet, because the e5-pawn is hanging.} 29. Ne4 (29. Rf1
Rd3 30. Rf3 $11) 29... Nd4 30. Bxd4 cxd4 $11) 24. Rfd1 Rxd3 25. Rxd3 Re8 $6 {
Missing an excellent chance for counterplay.} (25... h5 $1 26. gxh5 Bh6 27. Bc1
Rh8 28. Nh4 (28. hxg6 Nxg6 $15) 28... gxh5 29. Be3 Ng6 30. Nxg6 fxg6 $15) 26.
Ne4 Nc6 27. Kg3 Kb8 {Slightly mysterious. The king should remain closer to the
centre. So far, Black has kept his bishop watching f5, so that it makes little
sense to prepare ...Bb7.} (27... Rd8 28. Rxd8 Nxd8 29. Nh4 $14) ({Any waiting
move, such as} 27... Rh8 {would have left White with the problem of proving a
constructive plan.}) 28. Bc3 Rd8 $6 {After the rook exchange, White gets
better possibilities of attacking on the kingside.} (28... Kb7) 29. Rxd8 Nxd8
30. e6 $5 {This is the kind of moves Black should permanently take into
account when playing the Berlin. Psychologically, it leads to an unpleasant
change of the course of the game. White gets an unexpected initiative in what
is supposed to be a slow-motion game.} ({Objectively,} 30. Nh4 {/\ f5, is at
least not worse:} Bb7 31. Kf3 Ne6 32. Ke3 g5 33. Ng2 $14) 30... Nxe6 (30...
Bxc3 $2 31. e7 $18) 31. Bxg7 Nxg7 32. Ne5 f5 $1 (32... Be6 33. Nf6 Kc8 34. Ng8
h5 35. Nh6 $16) 33. Nf6 {Black's kingside is in big danger. With the black
king far away on the queenside, White is practically a piece up.} g5 $6 (33...
fxg4 $5 34. hxg4 h5 {was a good opportunity to get some counterplay against
the white queenside pawns.} 35. f5 {A logical attempt to prevent Black from
getting the f5-square for his pieces.} Nxf5+ $1 36. gxf5 Bxf5 37. Nf3 Bc2 38.
Nd2 $13 {This position is not easy to assess, but Black is very much in the
game.}) 34. Nc6+ {Just winning some time.} (34. Nf7 $1 {transposes to the line
from the next comment.}) 34... Kb7 35. Nd8+ Kb8 36. Nc6+ Kb7 37. Nd8+ Kb8 38.
fxg5 $2 {Helping Black to get rid of a weakness (h6).} (38. Nf7 $1 $16 {
leads to a very harmonious regrouping and retrieves the pawn under favourable
circumstances.} fxg4 39. hxg4 Nf5+ {does not work out well now:} 40. gxf5 Bxf5
41. Kf3 Bc2 (41... gxf4 42. Ne4 $18) 42. Ne4 {/\...f5} gxf4 43. Nd2 $18) 38...
hxg5 39. Nh7 (39. Nf7 {is not effective anymore:} fxg4 40. hxg4 Ne6 41. Ne4 Nd4
42. Nd2 Nc2 43. Ne4 (43. Nxg5 Ne3 $15) 43... Nd4 $11) 39... c6 $2 {Missing his
last chance:} (39... fxg4 40. hxg4 Nf5+ $1 41. gxf5 Bxf5 42. Nxg5 Bc2 43. Nc6+
Kc8 44. Ne5 Bxb3 45. Kf4 Bxa4 46. Ke3 Kd8 47. Ne4 Ke7 48. Nc3 Be8 {With three
pawns for a knight and a mobile bishop, Black is at least not worse.}) 40. Nxg5
Kc7 41. Ndf7 b5 {This counterplay is too slow.} 42. Kf4 fxg4 43. hxg4 Ne6+ 44.
Nxe6+ Bxe6 45. Ne5 Kd6 46. g5 bxa4 47. bxa4 {The queenside situation has
stabilised and the g-pawn decides.} Ke7 48. Nxc6+ Kd6 49. Nxa5 Kc7 50. Ke5 Bg8
51. Nb3 Bxc4 52. Nxc5 Kb6 53. Ne4 Bb3 54. Nc3 Bc2 55. Kf6 Kc5 56. g6 Kb4 57. g7
Bb3 58. Ne4 Bg8 59. Ke7 1-0

[Event "Moscow Botvinnik Memorial"]
[Site "Moscow"]
[Date "2011.09.03"]
[Round "6"]
[White "Aronian, Levon"]
[Black "Kramnik, Vladimir"]
[Result "1-0"]
[WhiteElo "2807"]
[BlackElo "2791"]
[Annotator "Stohl,I"]
[PlyCount "89"]
[EventDate "2011.09.02"]
[EventType "tourn (rapid)"]
[EventRounds "6"]
[EventCountry "RUS"]
[EventCategory "23"]
[SourceTitle "CBM 144"]
[Source "ChessBase"]
[SourceDate "2011.09.16"]
[SourceVersion "1"]
[SourceVersionDate "2011.09.16"]
[SourceQuality "1"]

1. c4 Nf6 2. Nc3 e6 3. e4 d5 4. e5 d4 5. exf6 dxc3 6. bxc3 Qxf6 7. Nf3 e5 8. d4
exd4 9. Bg5 Qe6+ 10. Be2 Be7 $5 11. cxd4 (11. Bxe7 $143 d3 $1) 11... Bxg5 12.
Nxg5 Qf6 (12... Qg6 13. f4 O-O 14. O-O Nc6 15. d5 Ne7 16. Qd2 h6 17. Nf3 Qd6 (
17... Bf5 $5 $132) 18. Rad1 c6 (18... Re8 $11) 19. dxc6 Qxd2 (19... Qxc6 $142)
20. Nxd2 Nxc6 21. Ne4 Re8 22. Bf3 Bg4 23. Bxg4 (23. Nf6+ $5) 23... Rxe4 24. Rd7
Rxc4 25. Rxb7 Rd8 26. Bd1 $1 $14 {Grachev,B (2669)-Socko,B (2654)/Lublin/2011/
For more information about this alternative, as well as the whole
Flohr-Mikenas line with 3.e4 in general see my detailed notes to the
aforementioned game in CBM 143.}) 13. Qd2 (13. Ne4 Qh4 $5 (13... Qg6 14. Ng3
O-O 15. O-O Rd8 16. Rc1 Qf6 17. d5 Na6 18. Nh5 Qe5 19. Bf3 Nc5 20. Re1 Qd6 21.
Qd4 f6 22. Re3 Bd7 23. Bg4 Re8 24. Rg3 $40 {Pelletier,Y (2587)-Ribli,Z (2568)/
Bundesliga 0203/2003/}) (13... Qe7 14. Ng3 O-O 15. O-O Rd8 16. Qd2 Qf6 17. Rad1
Nc6 18. d5 Ne7 19. Bd3 Nf5 20. Ne4 Qh4 21. Rfe1 b6 22. Ng5 h6 23. Nf3 Qf6 24.
Re4 $1 $16 {Nogueiras Santiago,J (2521)-Bielicki,C (2289)/Buenos Aires/2003/})
14. Bf3 (14. Nc3 O-O 15. O-O Rd8 (15... Bf5 16. Nb5 Qd8 17. d5 a6 18. Nd4 Bg6
19. Qb3 b6 20. Qg3 c5 21. Nf3 Re8 22. Rfe1 Nd7 23. Bf1 Qf6 24. Qc7 Bf5 25. a4
Rec8 26. Qf4 $14 {Tsenkov,L (1560)-Starace,U (2067)/corr/2009/}) 16. d5 Bf5 17.
Re1 c5 (17... Na6 $5 {/\Nc5=}) 18. Qb3 b6 19. Bf3 Na6 20. d6 Rab8 21. Nd5 Kh8
22. Re5 Qd4 23. Rae1 Be6 24. R5e4 Qd2 25. Rd1 $16 {Mkrtchian,L (2453)-Zhao Xue
(2423)/Turin olw/2006/}) (14. Ng3 O-O 15. O-O Rd8 16. f4 Qf6 17. d5 Na6 18. Rb1
Nc5 19. Nh5 Qd6 20. Qd4 f6 21. Ng3 Re8 22. Bh5 Re7 23. Rbe1 Bd7 $11 {
Dahlstroem,R (2446)-Loeschnauer,R (2435)/corr/2007/}) 14... O-O 15. O-O Nc6 16.
Re1 Bf5 (16... Rd8 17. g3 Qh6 18. Nc3 Bf5 19. Nd5 Rab8 20. a4 a6 21. Ra3 Qd6
22. Rae3 Be6 23. Qa1 b5 $11 {Beltins,G (2083)-Lucian Hoffman,M (2015)/corr/
2008/}) 17. Ng3 Bg6 18. Bxc6 bxc6 19. Qd2 Rad8 20. f4 Qf6 21. Rad1 h5 22. Re5
h4 $132 {Vilela,J (2405)-Vera Gonzalez Quevedo,R (2470)/Matanzas/1989/}) 13...
O-O 14. O-O Nc6 (14... Bf5 $5 15. Rad1 (15. Nf3 Re8 16. Bd3 Bxd3 17. Qxd3 Nc6
18. Rfe1 Rad8 19. Rab1 b6 20. h3 h6 21. d5 Ne5 22. Nxe5 Rxe5 $11 {Schubert,W 
(2323)-Foldvary,F (2308)/corr/2001/}) 15... Re8 {1/2,Stohl,I (2560)-Zarnicki,P
(2475)/Moscow olm/1994/CBM 044 ext} 16. Bf3 Nc6 17. Bd5 Re7 18. Rfe1 h6 $1 19.
Ne4 Bxe4 20. Bxe4 Rae8 $132) 15. d5 (15. Nf3 Bg4 16. Rad1 Rad8 17. d5 Bxf3 18.
Bxf3 Ne5 19. Be2 b6 20. Rfe1 Rfe8 21. Bf1 Nd7 22. Re3 Rxe3 23. Qxe3 Nc5 24. Re1
g6 $11 {Kasparov,G (2825)-Zarnicki,P (2515)/ICC blitz/1998/}) 15... Nd4 16. Ne4
$5 $146 {[%mdl 8] This is certainly no decisive novelty, but it presents Black
a fresh set of problems, which allow White to retain some initiative.
Especially in a rapid game it's not so simple to navigate all the pitfalls and
hold the balance.} (16. Bd3 Bf5 17. Bxf5 Nxf5 18. Ne4 (18. Nf3 c6 19. Rab1 cxd5
20. cxd5 Nd6 21. Rfc1 Rac8 $11 {Tremayne,D (2073)-Bilsel,S (1977)/corr/1999/})
18... Qg6 (18... Qh4 19. Rfe1 Rfe8 20. Qd3 Nd6 21. g3 Qe7 22. Nxd6 Qxd6 23. Re4
Re7 24. Qe3 Rxe4 25. Qxe4 b6 26. Re1 h6 $11 {Bukal,V (2415)-Rosandic,D (2385)/
Zadar/1995/}) 19. Rfe1 Rad8 20. Qf4 b6 $5 21. a4 (21. Qxc7 $6 Nd4 $15 {wins an
exchange}) 21... Nd6 22. Nxd6 Qxd6 23. Qxd6 Rxd6 24. a5 {1/2, Cramling,D (2420)
-Wiedenkeller,M (2450)/Stockholm/1993/} (24. Re7 c6 $11)) 16... Nxe2+ (16...
Qe5 17. Bd3 f5 18. Nc5 b6 19. Nb3 $14) 17. Qxe2 Qg6 ({A playable alternative is
} 17... Qe5 18. Rfe1 (18. Qe3 f5 19. Nc3 Qxe3 20. fxe3 Bd7 {/\} 21. c5 Rfe8 22.
Rfe1 c6 $5 $132) 18... Bf5 19. Nc5 Qd6 (19... Qxe2 20. Rxe2 b6 (20... Rfe8 21.
Rxe8+ Rxe8 22. Nxb7 Re2 23. h3 Kf8 $44) 21. Na6 Bd3 22. Rd2 Bxc4 23. Nxc7 Rac8
24. d6 Rfd8 $11) 20. Qe7 (20. Nxb7 $2 Qb6) 20... Rab8 $11) 18. Rfe1 Bf5 ({
A safe choice seems to be} 18... Bd7 $5 19. Qe3 (19. Nc5 Rae8 20. Qb2 Bc8 (
20... Bf5 $5) 21. Qd4 (21. Nxb7 $2 Qb6 $19) 21... Bh3 22. g3 b6 $11) 19... Rae8
20. Qf4 Bc8 $132) 19. Ng3 {[%cal Ge1e8] <->e} Bd3 (19... Bd7 20. Qe5 Rac8 $14 (
20... Qd6 $2 21. Qxd6 cxd6 22. Ne4 $16)) 20. Qe5 Bxc4 {Logical enough, but now
White's chances become more real.} (20... f5 $142 $5 21. Qf4 Qg4 22. Qxc7 f4
23. Ne4 (23. f3 Qc8 24. Qxc8 Raxc8 25. Ne4 Rfd8 $11) 23... f3 24. Qg3 (24. Ng3
$2 fxg2 $40) 24... Qxg3 25. hxg3 Bxc4 $11) 21. Nf5 Kh8 22. Ne3 Bd3 23. Qxc7 $14
{[%csl Gd5] Now the o^d5 is an asset and constant threat.} Be4 24. Qf4 (24.
Qxb7 f5 25. f4 Qd6 $11) (24. d6 $2 f5 25. d7 Rad8 26. f4 Qc6 $15) 24... Rfe8
25. f3 Bd3 26. Rad1 h5 27. Rd2 (27. Qd4 Bb5 28. Rc1 $14) 27... Bb5 28. Red1 (
28. Qb4 $5 a6 (28... Qb6 29. Kf2 a5 30. Qb2 $36) 29. a4 $14) 28... Rad8 29. d6
$5 Bc6 (29... Qe6 30. Rd5 $1 Qxe3+ (30... Be2 $2 31. Rxh5+ Kg8 32. Rd4 $1 {/\}
Qxe3+ 33. Qxe3 Rxe3 34. Rdh4 $18) 31. Qxe3 Rxe3 32. Rxh5+ Kg8 33. Rxb5 Rd7 $14
{gives Black drawing chances, but he is still the one who has to fight for
half a point, being a P down.}) 30. d7 (30. Nc4 {[%cal Rc4e5,Yc4a5] /\Na5, Ne5}
Qe6 31. Na5 Qe5 $1 {is drawish - a plausible follow-up is} 32. Qxe5 Rxe5 33.
Nxc6 bxc6 34. Kf2 Kg8 (34... g6 $5 $11) 35. Rc2 c5 36. Re2 Rxe2+ 37. Kxe2 Kf8
38. Rd5 g6 39. Kd3 Ke8 40. Kc4 Kd7 41. Rxc5 Ke6 $1 42. Rc7 Rxd6 {[%cal Rd6d2] /
\Rd2}) 30... Re6 (30... Re7 31. Qc7 Rdxd7 32. Rxd7 Rxe3 (32... Bxd7 $2 33. Nd5
Re2 34. Nf4 $18) 33. Rd8+ (33. Rxf7 Re2 $13 {/+/=}) 33... Kh7 34. Qg3 $14) 31.
Nc4 (31. Qc7 $2 Rxd7 32. Rxd7 Bxd7 $15) 31... Qf6 (31... Rxd7 32. Ne5 (32. Rxd7
Bxd7 33. Ne5 (33. Rxd7 $4 Qb1+ 34. Kf2 Qe1#) 33... Qc2 34. Rc1 Qa4 (34... Qxc1+
35. Qxc1 Rxe5 36. Qc7 Rd5 37. Qxb7 Be6 38. a4 $14) 35. Nxf7+ Kg8 36. Rc8+ Re8
$11) 32... Rxe5 33. Qxe5 Rxd2 34. Rxd2 Bxf3 35. Rf2 Bc6 36. Qf5 $1 $14) 32.
Qxf6 gxf6 {[%csl Rf6,Rf7,Rh5] ׻ This creates permanent weaknesses.
Controlling the <->e seems crucial and quite natural, but in fact a more solid
lne was} (32... Rxf6 $142 $5 33. Ne5 (33. Na5 Kg8 {is similar}) 33... Kg8 {
It's difficult to effectively support the o^ and Black has good chances to
fully consolidate his position.}) 33. Na5 Kg7 34. Rd4 (34. Kf2 Kf8 $14) 34...
f5 $2 {[%csl Rf5] ׻ This only exposes the vulnerability of Black's P. His
first and foremost priority should have been the activation of his K, which
should join the fight against the o^ as soon as possible.} (34... Kf8 35. Kf2
Ke7 36. g4 $5 Re5 $5 $14) 35. Kf2 b6 36. Nxc6 Rxc6 37. Kg3 Rc2 (37... Kf6 $142
$1 38. Kf4 b5 39. h4 $142 $1 (39. Rd6+ Rxd6 40. Rxd6+ Ke7 41. Rd5 Rxd7 42. Rxb5
(42. Rxd7+ Kxd7 43. Kxf5 h4 44. Ke5 Kc6 45. g4 hxg3 46. hxg3 b4 47. Kd4 Kb5 $11
{<=>}) 42... Rd2 43. Ra5 h4 44. Rxa7+ Ke6 45. Ra6+ Ke7 46. Kg5 $14 {/=}) 39...
a5 (39... Rc4 40. Rxc4 bxc4 41. Rd6+ Ke7 42. Rc6 Rxd7 43. Rxc4 $36) 40. Rd5
Rc4+ 41. Kg3 Rc7 (41... Ra4 $2 42. Re1 $1 $18) 42. Rxb5 $14) 38. Kf4 Kg6 $6
$138 (38... Kf6 $8 39. Re1 Rc7 40. Rd6+ Kg7 41. Red1 Rc2 42. R1d2 $16 {/+-})
39. Ke5 $1 {The activation of White's K is decisive.} Re2+ (39... Rc7 40. Rd6+
(40. h4 $5 $18) 40... Kg7 (40... Kg5 $2 41. h4+ $1 Kxh4 42. Kf4 Rc4+ 43. R6d4
Rxd4+ 44. Rxd4 {[%cal Rd4d1,Rd1h1] /\Rd1-h1#}) 41. Kxf5 $18) 40. Kd6 $18 {
[%csl Gd6,Gd7][%cal Rd6e7,Rd6c7] Only 5 moves ago Black's K could have been on
e7 - now it's White counterpart heads for this square and paralyses Black's R.}
Kf6 41. Rd5 $1 (41. Kc7 $143 $6 Ke7) 41... Rxg2 (41... Re6+ 42. Kc7 Ke7 43.
Rxf5 $18 {[%cal Rf5f7] /\Rf7}) 42. Kc7 Rgg8 43. f4 Rgf8 (43... b5 44. Rd6+ Kg7
45. Rg1+ $18) 44. Rg1 {[%cal Rd5d6,Rg1e1] /\Rd6, Re1 Weaves a mating net.} Ke7
45. Rd6 (45. Rd6 f6 (45... Rh8 46. Re1+) 46. Rg7+ $18) 1-0

[Event "Moscow Tal Memorial 6th"]
[Site "Moscow"]
[Date "2011.11.19"]
[Round "4"]
[White "Kramnik, Vladimir"]
[Black "Ivanchuk, Vassily"]
[Result "1/2-1/2"]
[WhiteElo "2800"]
[BlackElo "2775"]
[Annotator "RR"]
[PlyCount "113"]
[EventDate "2011.11.16"]
[EventType "tourn"]
[EventRounds "9"]
[EventCountry "RUS"]
[EventCategory "22"]
[SourceTitle "CBM 146"]
[Source "ChessBase"]
[SourceDate "2012.01.18"]
[SourceVersion "1"]
[SourceVersionDate "2012.01.18"]
[SourceQuality "1"]

1. Nf3 d5 2. d4 Nf6 3. c4 c6 4. Nc3 a6 5. e3 b5 6. b3 Bg4 7. Qc2 e6 8. Ne5 Bf5
9. Bd3 Bxd3 10. Nxd3 dxc4 11. bxc4 bxc4 12. Ne5 Nbd7 13. O-O Nxe5 14. dxe5 Nd5
15. Rd1 Qa5 16. Ne4 c3 17. Rb1 Rd8 18. Rd4 Qc7 19. Qa4 a5 20. g3 Bb4 21. Nd6+
Kf8 22. e4 Nb6 23. Qc2 Nd7 24. Nc4 h6 25. a3 Bc5 26. Rd3 Kg8 27. Qxc3 Kh7 28.
Bf4 Rb8 29. Rbd1 Rhd8 30. Qd2 Nb6 31. Rxd8 Nxc4 32. Qd7 Qxd8 33. Qxd8 Rxd8 34.
Rxd8 Bxa3 35. Rd4 Nb6 36. Be3 c5 37. Rd1 Nc4 38. Bxc5 $1 (38. Rd3 $2) 38...
Bxc5 39. Rc1 Bxf2+ 40. Kxf2 Nxe5 41. Ke2 Kg6 42. Rc5 Kf6 43. Rxa5 g5 44. h3 h5
45. Rc5 Ng6 46. Kf3 Ne5+ 47. Ke3 Ng6 48. Ra5 h4 49. Kf2 hxg3+ 50. Kxg3 Ne5 51.
Rb5 Nd3 52. Rb8 Kg7 53. Kg4 Nf2+ 54. Kxg5 Nxh3+ 55. Kg4 Nf2+ 56. Kf4 Nd3+ 57.
Ke3 1/2-1/2

[Event "Moscow Tal Memorial 6th"]
[Site "Moscow"]
[Date "2011.11.24"]
[Round "8"]
[White "Kramnik, Vladimir"]
[Black "Karjakin, Sergey"]
[Result "1/2-1/2"]
[WhiteElo "2800"]
[BlackElo "2763"]
[Annotator "RR"]
[PlyCount "87"]
[EventDate "2011.11.16"]
[EventType "tourn"]
[EventRounds "9"]
[EventCountry "RUS"]
[EventCategory "22"]
[SourceTitle "CBM 146"]
[Source "ChessBase"]
[SourceDate "2012.01.18"]
[SourceVersion "1"]
[SourceVersionDate "2012.01.18"]
[SourceQuality "1"]

1. d4 Nf6 2. c4 e6 3. g3 d5 4. Bg2 Be7 5. Nf3 O-O 6. O-O dxc4 7. Qc2 a6 8. a4
Bd7 9. Rd1 Bc6 10. Nc3 Bxf3 11. Bxf3 Nc6 12. Bxc6 bxc6 13. Bg5 Rb8 14. Rac1 h6
15. Bxf6 Bxf6 16. e3 Qe7 17. Ne4 Rb4 18. Qe2 Rxa4 19. Rxc4 Rxc4 20. Qxc4 e5 21.
Qxa6 exd4 22. Nxf6+ Qxf6 23. Rxd4 Rb8 24. b4 Qe7 25. Qc4 Rb6 26. Qd3 Rb8 27.
Qc4 Rb6 28. Kg2 Rb5 29. e4 $6 (29. Qxc6 Rxb4 30. Rd7 $14) 29... g5 $11 30. f3
Kg7 31. Qc3 Qf6 32. Kf2 Qe5 33. Qd2 Qf6 34. Rc4 Rb8 35. Ke3 Qe7 36. Qc3+ Kh7
37. Rc5 Rb6 38. Rf5 Kg8 39. Re5 Qf8 40. Rc5 Qb8 41. Qf6 Qf8 42. Qc3 Qb8 43. Qf6
Qf8 44. Qc3 1/2-1/2